| 000 | 00876nam0a22002531 4500 | ||
|---|---|---|---|
| 001 | rc\602648 | ||
| 005 | 20250621181124.0 | ||
| 035 | _a(NLR Aleph) 005846928 | ||
| 090 |
_a5738060 _c5738060 |
||
| 100 | _a20031121d1986 |||y0rusy50 ca | ||
| 101 | 0 | _arus | |
| 102 | _aRU | ||
| 105 | _aa ||||||||| | ||
| 200 | 1 |
_aШкольникам о телевидении _eКн. для учащихся ст. классов _fЭ.М. Ефимов |
|
| 210 |
_aМ. _cПросвещение _d1986 |
||
| 215 |
_a157, [2] c. _cил. _d21 |
||
| 320 | _aБиблиогр.: с. 158 (18 назв.) | ||
| 700 | 1 |
_4070 _7ca _8rus _aЕфимов _bЭ. М. _cканд. искусствоведения _gЭдуард Михайлович _9256733 _3RU\NLR\AUTH\770256789 |
|
| 801 | 0 |
_aRU _bNLR _gpsbo |
|
| 801 | 1 |
_aRU _bELAR _2rusmarc |
|
| 852 |
_aNLR _j86-5/6814 |
||
| 942 | _cBOOK | ||
| 980 | _aNB | ||